Normal view
MARC view
- Davis, Joyce
Entry Personal Name
001 - CONTROL NUMBER
- control field: 106219
003 - CONTROL NUMBER IDENTIFIER
- control field: NUST
005 - DATE AND TIME OF LATEST TRANSACTION
- control field: 20221228133121.0
008 - FIXED-LENGTH DATA ELEMENTS
- fixed length control field: 221228|| aca||aabn | a|a d
040 ## - CATALOGING SOURCE
- Original cataloging agency: NUST
- Transcribing agency: NUST
100 ## - HEADING--PERSONAL NAME
- Personal name: Davis, Joyce
670 ## - SOURCE DATA FOUND
- Source citation: Work cat.: (NUST)185691: Davis, Joyce,, Between Jihad and Salaam :, 1997.
